Luhmann: la política como sistema

Uloženo v:
Podrobná bibliografie
Hlavní autor: Torres Nafarrate, Javier (Autor)
Médium: Kniha
Jazyk:španělština
Vydáno: Ciudad de México Fondo de Cultura Económica 2004
Edice:Sección de Obras de Política y Derecho
Témata:
Tagy: Přidat tag
Žádné tagy, Buďte první, kdo vytvoří štítek k tomuto záznamu!

MARC

LEADER 00000nam a2200000 a 4500
001 UCK3012
003 CL-VaPUC
008 050408e20040000MX |||||||||||||||||spa|d
020 |a 9681663284 
082 0 4 |a 320.01  |b TOR  |2 21 
100 0 |a Torres Nafarrate, Javier  |e author  |9 491019 
245 1 0 |a Luhmann: la política como sistema 
300 |a 415 p 
942 |c BK 
945 |d 20050408 00:00:00  |a cmena 
260 |a Ciudad de México  |b Fondo de Cultura Económica  |c 2004 
650 7 |a FILOSOFIA POLITICA  |2 CL-VaPUC  |9 491020 
650 0 |a Influencia social  |9 309315 
650 0 |a Partidos políticos  |9 254999 
650 0 |a Antropología cultural y social   |9 265143 
583 |a last modification  |c 20050408 00:00:00  |k Rodrigo Vera 
490 0 |a Sección de Obras de Política y Derecho 
999 |c 312359  |d 312357 
952 |0 0  |1 0  |4 0  |6 320_010000000000000_TOR_2004  |7 0  |8 A  |9 382531  |a BIBEDU  |b BIBEDU  |d 2019-11-21  |i 410837K  |o 320.01 TOR 2004  |p 410837K  |r 2019-11-21  |w 2019-11-21  |y BK  |k PSI